000 00629nam a22002417a 4500
003 UA-OsUOA
001 62290
007 ta
008 20090818b un ||||| |||| 00| 0 ukr d
100 _aЛызлов А.
090 _a94(477)
_bЛ88
942 _cBK
040 _aUA-OsUOA
_brus
_cUA-OsUOA
_dUA-OsUOA
245 _aСкифская история.
_cЧитстякова Е.В.
300 _a520 с.
955 _a1
041 _arus
080 _a94(477)
020 _a5-02-009645-8
260 _aМ.
_bНаука
_c1990
650 7 _a9 Географія. Біографії. Історія
_2UDC
999 _c348380
_d348380